Islam di Nusantara : khususnya di Tanah Melayu
| Main Author: | |
|---|---|
| Format: | Book |
| Published: |
Petaling Jaya :
al-Rahmaniah ,
c1990
|
| Subjects: |
MARC
| LEADER | 00000cam a2200000 7i4500 | ||
|---|---|---|---|
| 001 | 0000006373 | ||
| 005 | 20031222093000.0 | ||
| 090 | 0 | 0 | |a BP63.M31 |b .A2 |
| 100 | 0 | |a Abdullah Ishak , |e author | |
| 245 | 0 | 0 | |a Islam di Nusantara : |b khususnya di Tanah Melayu |c Haji Abdullah Ishak |
| 260 | 2 | |a Petaling Jaya : |b al-Rahmaniah , |c c1990 | |
| 300 | |a v, 227 ms. ; |c 22 sm. | ||
| 504 | |a Bibliografi: ms. 223-227 | ||
| 650 | 0 | |a Islam |x History |z Malaysia | |
| 999 | |a 1000056593 |b Book |c OPEN SHELF (30 DAYS) |e Gong Badak Campus | ||